000
00283nam a22001217a 4500
008
230623b xxu||||| |||| 00| 0 eng d
082
_a
328.71
_b
TAV
100
_c
TAV
245
_a
STANDING RULES OF THE FEDERAL SENATE
260
_a
BRASILIA
_c
2003
300
_a
190P
942
_2
ddc
_c
BK
999
_c
2497
_d
2497